[Event "Sunway Formentera op 2nd"]
[Site "Sant Ferran de ses Roques"]
[Date "2023.04.28"]
[Round "10"]
[White "Asis Gargatagli, Hipolito"]
[Black "Pranav, Anand"]
[Result "0-1"]
[WhiteElo "2511"]
[BlackElo "2525"]
[PlyCount "34"]
[EventDate "2023.04.18"]
[EventType "swiss"]
[EventRounds "10"]
[EventCountry "ESP"]
[SourceTitle "CBM 213 Extra"]
[Source "ChessBase"]
[SourceDate "2023.05.31"]
[SourceVersion "1"]
[SourceVersionDate "2023.05.31"]
[SourceQuality "1"]

1. e4 c5 2. Nf3 Nc6 3. Nc3 e6 4. d4 cxd4 5. Nxd4 Qc7 6. Be3 a6 7. g4 Nxd4 8. Qxd4 b5 9. 0-0-0 Bb7 10. Rd2 Nf6 11. g5 b4 12. Nb5 axb5 13. gxf6 e5 14. fxg7 exd4 15. gxh8Q dxe3 16. fxe3 Bxe4 17. Bxb5 Rxa2 0-1

[Event "Sunway Formentera op 2nd"]
[Site "Sant Ferran de ses Roques"]
[Date "2023.04.27"]
[Round "9"]
[White "Zhao, Yuanhe"]
[Black "Asis Gargatagli, Hipolito"]
[Result "0-1"]
[WhiteElo "2447"]
[BlackElo "2511"]
[PlyCount "62"]
[EventDate "2023.04.18"]
[EventType "swiss"]
[EventRounds "10"]
[EventCountry "ESP"]
[SourceTitle "CBM 213 Extra"]
[Source "ChessBase"]
[SourceDate "2023.05.31"]
[SourceVersion "1"]
[SourceVersionDate "2023.05.31"]
[SourceQuality "1"]

1. Nf3 Nf6 2. c4 g6 3. Nc3 Bg7 4. e4 d6 5. d4 0-0 6. h3 e5 7. dxe5 dxe5 8. Qxd8 Rxd8 9. Bg5 Na6 10. Nd5 Rd6 11. Bxf6 Bxf6 12. 0-0-0 c6 13. Nxf6+ Rxf6 14. Nxe5 Rxf2 15. Rd8+ Kg7 16. Nd3 Rf6 17. Be2 Nc7 18. e5 Re6 19. Rd1 Re7 20. Bf3 Bf5 21. Rxa8 Nxa8 22. Nc5 Nb6 23. b3 Nd7 24. Nxd7 Bxd7 25. Kb2 h5 26. Kc3 Kh6 27. Rd6 Kg5 28. Kd4 Kf4 29. b4 Bf5 30. Rf6 Rd7+ 31. Rd6 f6 0-1